000 00501nam a22002057a 4500
003 OSt
005 20161012141106.0
008 151202b xxu||||| |||| 00| 0 eng d
020 _a9781416023203
040 _cDNLM
082 _aQT4 C822p 2006
100 _aCostanzo, Linda S.
_91181
245 _aPhysiology
250 _a3rd ed.
260 _aPhiladephia;
_bSaunders,
_c2006
300 _aviii,311p; col.ill: 29cm
504 _aIndex included
650 _aPhysiology
_9215
942 _2z
_cB_BANK
999 _c2776
_d2776